000 00854nam a2200253 i 4500
001 176637
003 ES-MaACL
005 20250811104432.0
008 110127s1956 sp o |||| | spa d
080 _a75.033.4/.5(460)
100 1 _aDalmau, R.
_942518
245 1 3 _aLa pintura
_b: siglos XII al XIV /
_c[texto de R. Dalmau ; fotografías: Archivo Mas].
250 _a1ª ed.
260 _aBarcelona :
_bDalmau y Jover,
_c1956.
300 _a[59] p. :
_bfot. ;
_c22 cm.
490 1 _aEl arte en la Península Ibérica
546 _aTexto en español, francés e inglés.
650 0 4 _aPintura románica-
_zEspaña.
_9144913
650 4 _aPintura gótica-
_zEspaña.
_9144914
710 2 _aArchivo Mas.
_9144912
830 0 3 _aEl arte en la península ibérica
_9190185
852 _aES-MaACL
_j2274-F-3
_xOlim P-470
999 _c176637
_d176637